Practical C++ programming

Αποθηκεύτηκε σε:
Λεπτομέρειες βιβλιογραφικής εγγραφής
Κύριος συγγραφέας: Oualline, Steve
Μορφή: Βιβλίο
Γλώσσα:English
Δημοσίευση: Beijing ; Cambridge : O'Reilly & Associates, 1995
Σειρά:Nutshell handbook
Θέματα:
Ετικέτες: Προσθήκη ετικέτας
Δεν υπάρχουν, Καταχωρήστε ετικέτα πρώτοι!

MARC

LEADER 00000nam a2200000 i 4500
001 1/93796
008 991208s1995 eng d
020 |a 1565921399 
035 |l 10054543 
040 |a GR-MY-UA  |b gre  |e aacr 
041 0 |a eng 
082 0 |a 005.133 
100 0 |a Oualline, Steve. 
245 1 0 |a Practical C++ programming /  |c Steve Oualline 
260 |a Beijing ; Cambridge :   |b O'Reilly & Associates,   |c 1995 
300 |a xxiv, 557 p.;  |b ill.;  |c 24 cm. 
490 1 |a Nutshell handbook 
504 |a Includes index 
650 0 0 |a C++ (Computer program language) 
830 0 |a Nutshell handbook 
852 |a INST  |b SAMOS  |e 19991208  |h 005.133 OUA  |p 005300016664  |q 005300016664  |t BK  |y 0 
901 |a BIBL3-1999-3 
909 |a Σ  |b 069668 
922 |a 3ΕΛΗ  |b 199911  |c ΤΠΕΣ  |d ΠΑΠΑΣΩΤΗΡΙΟΥ 
950 |a 133-1999-07-20 
970 |a ΠΟΥΡΝΑΡΑΣ  |b ΔΗΜΗΤΡΗΣ  |z 1999/12/08